• 首页
  • 本馆介绍
  • 公告通知
  • 最新文献
  • 馆藏检索
  • 电子资源
  • 读者导购
  • 参考咨询
  • 我的图书馆
  • 登录
  • 详细信息显示
  • 放入我的书架
  • 预约/预借图书
  • 作者相关作品
  • 分类相关作品
  • 丛书相关作品
  • 出版社相关作品

书目信息

  • 表格格式
  • 工作单格式
  • 卡片格式
题名:
初级汉语口语
    
 
作者: 戴桂英 , 刘立新 , 李海燕 编著
分册:  
出版信息: 北京   北京大学出版社  2004
页数: 196页
开本: 26cm
丛书名: 北大版新一代对外汉语教材·口语教程系列
单 册:
中图分类: H195.4
科图分类:
主题词: 汉语--语言教学
电子资源:
ISBN: 7-301-06630-9
000 00998nam0 2200301 450
001 0530892421
005 20051227085052.51
010    @a7-301-06630-9@dCNY70.00(全二册)
092    @aCN
100    @a20051227d2004 km y0chiy0120 ea
101 0  @achi
102    @aCN@b110000
200 1  @a初级汉语口语@Achu ji han yu kou yu@e课文与练习@e提高篇@f戴桂英,刘立新,李海燕编著@Fdai gui ying,liu li xin,li hai yan bian zhu
205    @a2版
210    @a北京@c北京大学出版社@d2004
215 1  @a196页@d26cm@e全二册光盘2片
225    @a北大版新一代对外汉语教材·口语教程系列
300    @a北京市高等教育精品教材立项项目
461  0 @12001 @a北大版新一代对外汉语教材·口语教程系列
517 1  @a课文与练习@Ake wen yu lian xi
517 1  @a提高篇@Ati gao pian
606 0  @a汉语@x语言教学
690    @aH195.4@v4
701  0 @a戴桂英@Adai gui ying@4编著
701  0 @a刘立新@Aliu li xin@4编著
701  0 @a李海燕@Ali hai yan@4编著
801  0 @aCN@bPFT@c20051227
905    @a10447@dH195.4@e167:1(1)=2
    
    初级汉语口语:课文与练习:提高篇/戴桂英,刘立新,李海燕编著.-2版.-北京:北京大学出版社,2004
    196页;26cm+全二册光盘2片.-(北大版新一代对外汉语教材·口语教程系列)
    北京市高等教育精品教材立项项目
    
    ISBN 7-301-06630-9:CNY70.00(全二册)
    
●
相关链接 在E读中查询图书 在五车中查询图书 在当当中查询图书 在豆瓣中查询图书


正题名:初级汉语口语     索取号:H195.4/167:1(1)=2         预约/预借

序号 登录号 条形码 馆藏地/架位号 状态 备注
1 0372705   203727057   第二样本阅览室/ [索取号:H195.4/167:1(1)=2] 在馆    
2 0372706   203727066   第四借阅区/ [索取号:H195.4/167:1(1)=2] 在馆    
3 0372707   203727075   第四借阅区/ [索取号:H195.4/167:1(1)=2] 在馆    
4 0372708   203727084   第四借阅区/ [索取号:H195.4/167:1(1)=2] 在馆    
5 0372709   203727093   第四借阅区/ [索取号:H195.4/167:1(1)=2] 在馆    
唐山师范学院图书馆 欢迎您!
大连网信软件有限公司© 版权所有